LEADER 01930oam 2200529zu 450 001 9910872970503321 005 20241212215135.0 035 $a(CKB)111055184250254 035 $a(SSID)ssj0000454372 035 $a(PQKBManifestationID)12194096 035 $a(PQKBTitleCode)TC0000454372 035 $a(PQKBWorkID)10397797 035 $a(PQKB)11725782 035 $a(EXLCZ)99111055184250254 100 $a20160829d2001 uy 101 0 $aeng 181 $ctxt 182 $cc 183 $acr 200 10$a2001 IEEE/IFIP International Symposium on Integrated Network Management proceedings : integrated network management VII : integrated management strategies for the new millennium : Seattle, Washington, USA, 14-18 May 2001 210 31$a[Place of publication not identified]$cIEEE$d2001 300 $aBibliographic Level Mode of Issuance: Monograph 311 08$a9780780367197 311 08$a0780367197 606 $aComputer networks$xManagement$vCongresses 606 $aTelecommunication systems$xManagement$vCongresses 606 $aElectrical & Computer Engineering$2HILCC 606 $aTelecommunications$2HILCC 606 $aEngineering & Applied Sciences$2HILCC 615 0$aComputer networks$xManagement 615 0$aTelecommunication systems$xManagement 615 7$aElectrical & Computer Engineering 615 7$aTelecommunications 615 7$aEngineering & Applied Sciences 676 $a004.6 702 $aAnerousis$b Nikolaos 702 $aLiotta$b Antonio 702 $aPavlou$b George 712 02$aInternational Federation for Information Processing 712 02$aIEEE Communications Society 712 02$aInstitute of Electrical and Electronics Engineers 712 12$aIFIP/IEEE International Symposium on Integrated Network Management 801 0$bPQKB 906 $aPROCEEDING 912 $a9910872970503321 996 $a2001 IEEE$92509244 997 $aUNINA LEADER 04448oam 2200625 c 450 001 9910953766403321 005 20260302090207.0 010 $a9783846770580 010 $a3846770582 024 3 $a9783846770580 035 $a(CKB)4100000011979588 035 $a(MiAaPQ)EBC6676507 035 $a(Au-PeEL)EBL6676507 035 $a(OCoLC)1260343301 035 $a(Brill | Fink)9783846770580 035 $a(EXLCZ)994100000011979588 100 $a20260302d2021 uy 0 101 0 $ager 135 $aurcnu|||||||| 181 $ctxt$2rdacontent 182 $cc$2rdamedia 183 $acr$2rdacarrier 200 00$aEuropäische Avantgarden um 1900$eKontakt - Transfer - Transformation$fJurij Lileev, Yvonne Pörzgen, Mario Zanucchi 205 $a1st ed. 210 $aPaderborn$cBrill | Fink$d2021 215 $a1 online resource (325 pages) 225 0 $aSchriftenreihe des Instituts für russisch-deutsche Literatur- & Kulturbeziehungen an der RGGU Moskau$v23 311 08$a9783770570584 311 08$a3770570588 327 $aIntro -- Inhalt -- Vorwort -- Jurij Lileev, Yvonne Po?rzgen, Mario Zanucchi: Einleitung -- Teil I Dialogizita?t der literarischen Avantgarden -- 1. Dieter Martin: "Kosmopolitisch-germanisch". Berliner Naturalismus zwischen nationaler Tradition und europa?ischer Avantgarde -- 2. Yvonne Po?rzgen: Rausch und Ekstase in europa?ischen Avantgarden -- 3. Mario Zanucchi: Futurismus im Expressionismus. Zu den expressionistischen U?bersetzungen italienischer und franzo?sischen Futuristen: eine Bestandsaufnahme -- 4. Gu?nter Berghaus: Marinetti's "Futurisme mondial". Propaganda and Reality -- 5. Jurij Lileev: Das Petersburg-Narrativ und die A?sthetik der russischen Avantgarde -- 6. Larissa Cybenko: Avantgardistische Theaterreform. Les' Kurbas als Vermittler im Kulturtransfer zwischen dem deutschsprachigen Raum und der Ukraine -- 7. Aleksej Z?erebin: Russischer Freudomarxismus im Diskursfeld der historischen Avantgarde -- Teil II Avantgardistische Transferprozesse in Malerei, Skulptur und Ballett -- 8. Elena Korowin: Zwischen Avantgarde und Kitsch: L'art pour l'art in der bildenden Kunst -- 9. Tanja Zimmermann: An der Schwelle zwischen Avantgarde und konservativer A?sthetik. Der Umbruch in der Rezeption der ,naiven' Malerei -- 10. Melanie Dannhorn: Identita?t und Kommunikation europa?ischer Avantgarden: Vasilij Kandinskij als Galionsfigur des Sturmkreises -- 11. Johanna Hu?gel: Markov liest Frobenius. Eine Begegnung zwischen Ethnographie und Kunst -- 12. Theodora Billich-Soroceanu: Die Ballets Russes und die Tanzavantgarden um 1900: Zur medialen Repra?sentation von Anna Pawlowa, Ida Rubinstein und Vaslav Nijinsky im Kontext der Ko?rpera?sthetik des freien Tanzes -- Verzeichnis der Beitra?gerinnen und Beitra?ger -- Namensregister -- Publikationsreihe. 330 $aDer Band rekonstruiert anhand von Fallstudien das wirkungsgeschichtlich hochkomplexe Gefüge von Kontakten, Transfer- und Transformationsprozessen zwischen den europäischen Avantgarden in Literatur und bildender Kunst. Die gesamteuropäische Dimension der Avantgarde-Bewegung des frühen 20. Jahrhunderts lässt sich aus dem engen Blickwinkel der Nationalphilologien nicht adäquat nachvollziehen und verlangt nach einer internationalen Untersuchungsperspektive. Der Band legt den Fokus auf die Austauschbeziehungen zwischen französischer, deutscher, russischer, italienischer und ukrainischer Avantgarde und versteht sich als ein Beitrag zur Erforschung der Internationalität der avantgardistischen Strömungen in Literatur und bildender Kunst. 410 0$aNauchnye trudy (Rossii?skii? gosudarstvennyi? gumanitarnyi universitet. Kafedra germanskoi? filologii im. Tomasa Manna) ;$vVolume 23. 606 $aKulturpolitik 606 $aNetzwerke 606 $aKulturelle Identität 606 $aCultural Policy 606 $aNetworks 606 $aCultural Identity 615 4$aKulturpolitik 615 4$aNetzwerke 615 4$aKulturelle Identität 615 4$aCultural Policy 615 4$aNetworks 615 4$aCultural Identity 676 $a111.85 702 $aLileev$b Jurij$4edt 702 $aPörzgen$b Yvonne$4edt 702 $aZanucchi$b Mario$4edt 801 0$bMiAaPQ 801 1$bMiAaPQ 801 2$bMiAaPQ 906 $aBOOK 912 $a9910953766403321 996 $aEuropa?ische Avantgarden um 1900$94302628 997 $aUNINA